[Event "POL-chT 2nd League"]
[Site "Jastrzebia Gora"]
[Date "2023.09.04"]
[Round "3.92"]
[White "Dziewonski, Dariusz"]
[Black "Kempinski, Tomasz"]
[Result "1/2-1/2"]
[WhiteElo "2204"]
[BlackElo "2163"]
[PlyCount "119"]
[EventDate "2023.09.02"]
[EventType "team-swiss"]
[EventRounds "9"]
[EventCountry "POL"]
[SourceTitle "CBM 216 Extra"]
[Source "ChessBase"]
[SourceDate "2023.11.30"]
[SourceVersion "1"]
[SourceVersionDate "2023.11.30"]
[SourceQuality "1"]
[WhiteTeam "Myslenice MAT"]
[BlackTeam "Zakrzewo Korona"]
[WhiteTeamCountry "POL"]
[BlackTeamCountry "POL"]

1. e4 b6 2. g3 Bb7 3. Bg2 h5 4. h4 Nf6 5. Nc3 d5 6. e5 Ng4 7. d4 e6 8. f3 Nh6 9. Bxh6 Rxh6 10. f4 c5 11. Nce2 Nc6 12. Nf3 Ba6 13. c3 Rg6 14. Kf2 Qd7 15. Bh3 cxd4 16. Nexd4 Bc5 17. b4 Bxd4+ 18. Nxd4 Nxd4 19. cxd4 Rc8 20. Rc1 Rxc1 21. Qxc1 Qa4 22. Qb2 Bc4 23. a3 b5 24. Ra1 Qb3 25. Qxb3 Bxb3 26. Rc1 Bc4 27. a4 bxa4 28. Bf1 Bxf1 29. Rxf1 Kd7 30. Ra1 Kc6 31. Rxa4 Kb6 32. b5 f5 33. exf6 Rxf6 34. Ra6+ Kxb5 35. Rxa7 Kc4 36. Ke3 Rg6 37. Rc7+ Kb4 38. Kf3 Kb5 39. Rc5+ Kb6 40. Rc8 Kb5 41. Kg2 Kb4 42. Rc5 Rf6 43. Kf3 Rg6 44. Kf2 Rf6 45. Kg2 Rg6 46. Kf3 Rg4 47. Rc6 Rg6 48. f5 Rf6 49. Rxe6 Rxf5+ 50. Ke3 Kc4 51. Rc6+ Kb4 52. Rg6 Rf7 53. Rg5 Kc4 54. Rxh5 Re7+ 55. Re5 Rxe5+ 56. dxe5 d4+ 57. Kf4 Kd5 58. e6 Kxe6 59. Ke4 d3 60. Kxd3 1/2-1/2

[Event "POL-chT 2nd League"]
[Site "Jastrzebia Gora"]
[Date "2022.09.11"]
[Round "9.95"]
[White "Mrozowski, Patryk"]
[Black "Kempinski, Tomasz"]
[Result "1-0"]
[WhiteElo "2116"]
[BlackElo "2181"]
[PlyCount "67"]
[EventDate "2022.09.03"]
[EventType "team-swiss"]
[EventRounds "9"]
[EventCountry "POL"]
[SourceTitle "CBM 210 Extra"]
[Source "ChessBase"]
[SourceDate "2022.11.30"]
[SourceVersion "1"]
[SourceVersionDate "2022.11.30"]
[SourceQuality "1"]
[WhiteTeam "Sanovia Lesko"]
[BlackTeam "Zakrzewo Korona"]
[WhiteTeamCountry "POL"]
[BlackTeamCountry "POL"]

1. e4 c5 2. Nf3 g6 3. d4 cxd4 4. Nxd4 Nc6 5. Nc3 Bg7 6. Be3 d6 7. Be2 Nf6 8. 0-0 0-0 9. Nb3 Be6 10. f4 Qc8 11. Kh1 Rd8 12. Nd4 Nxd4 13. Bxd4 Bc4 14. Bd3 Qc6 15. Qf3 b5 16. Ne2 Nd7 17. Bxg7 Kxg7 18. b3 Bxd3 19. cxd3 Rac8 20. Qe3 Qa6 21. f5 Rc2 22. fxg6 hxg6 23. Nd4 Rxa2 24. Rxa2 Qxa2 25. Qg5 Kf8 26. Ne6+ Ke8 27. Qh6 Nf6 28. Qh8+ Kd7 29. Nxd8 Qxb3 30. Nb7 Qc2 31. Qd8+ Ke6 32. e5 dxe5 33. d4 exd4 34. Qxd4 1-0

[Event "POL-chT 2nd League"]
[Site "Jastrzebia Gora"]
[Date "2022.09.06"]
[Round "4.66"]
[White "Kempinski, Tomasz"]
[Black "Panek, Bartosz"]
[Result "1-0"]
[WhiteElo "2181"]
[BlackElo "2179"]
[PlyCount "53"]
[EventDate "2022.09.03"]
[EventType "team-swiss"]
[EventRounds "9"]
[EventCountry "POL"]
[SourceTitle "CBM 210 Extra"]
[Source "ChessBase"]
[SourceDate "2022.11.30"]
[SourceVersion "1"]
[SourceVersionDate "2022.11.30"]
[SourceQuality "1"]
[WhiteTeam "Zakrzewo Korona"]
[BlackTeam "Rydultowy Ognisko"]
[WhiteTeamCountry "POL"]
[BlackTeamCountry "POL"]

1. e4 c6 2. d4 d5 3. exd5 cxd5 4. Bd3 Nc6 5. c3 Qc7 6. h3 g6 7. Nf3 Nf6 8. 0-0 Bf5 9. Re1 Bg7 10. Ne5 Bxd3 11. Qxd3 Nxe5 12. dxe5 Nd7 13. Qxd5 Bxe5 14. Na3 e6 15. Qe4 Qc6 16. Qxc6 bxc6 17. Bg5 f6 18. Nc4 Kf7 19. Rad1 Rhd8 20. Rxe5 Nxe5 21. Nxe5+ Kg7 22. Bh6+ Kg8 23. Rxd8+ Rxd8 24. Nxc6 Rd1+ 25. Kh2 a6 26. Be3 Ra1 27. b4 1-0

[Event "POL-chT 2nd League"]
[Site "Sypniewo"]
[Date "2021.09.10"]
[Round "7.4"]
[White "Brzezinski, Mateusz"]
[Black "Kempinski, Tomasz"]
[Result "0-1"]
[WhiteElo "2189"]
[BlackElo "2161"]
[PlyCount "56"]
[EventDate "2021.09.04"]
[EventType "team-swiss"]
[EventRounds "9"]
[EventCountry "POL"]
[SourceTitle "CBM 204 Extra"]
[Source "ChessBase"]
[SourceDate "2021.11.30"]
[SourceVersion "1"]
[SourceVersionDate "2021.11.30"]
[SourceQuality "1"]
[WhiteTeam "Bydgoszcz Hetman"]
[BlackTeam "Zakrzewo Korona"]
[WhiteTeamCountry "POL"]
[BlackTeamCountry "POL"]

1. d4 g6 2. c4 Nf6 3. Nc3 d5 4. cxd5 Nxd5 5. e4 Nxc3 6. bxc3 Bg7 7. Nf3 0-0 8. Be2 c5 9. 0-0 Bg4 10. Be3 cxd4 11. cxd4 Nc6 12. d5 Bxf3 13. gxf3 Na5 14. Rc1 Qd6 15. f4 Rfd8 16. Qa4 b6 17. Rfd1 e5 18. dxe6 Qxe6 19. Rxd8+ Rxd8 20. Rc7 g5 21. f5 Qh6 22. Rd7 Rc8 23. Re7 Nc6 24. Ba6 Rd8 25. f6 Qh5 26. Re8+ Rxe8 27. Qxc6 Rd8 28. Bc8 Qf3 0-1

[Event "POL-chT 2nd League"]
[Site "Poronin"]
[Date "2020.09.11"]
[Round "7.7"]
[White "Kempinski, Tomasz"]
[Black "Sernecki, Franciszek"]
[Result "1/2-1/2"]
[WhiteElo "2162"]
[BlackElo "2248"]
[PlyCount "48"]
[EventDate "2020.09.05"]
[EventType "team-swiss"]
[EventRounds "9"]
[EventCountry "POL"]
[SourceTitle "CBM 198 Extra"]
[Source "ChessBase"]
[SourceDate "2020.11.30"]
[SourceVersion "1"]
[SourceVersionDate "2020.11.30"]
[SourceQuality "1"]
[WhiteTeam "Zakrzewo Korona"]
[BlackTeam "Sedziszow Spoldzielczy"]
[WhiteTeamCountry "POL"]
[BlackTeamCountry "POL"]

1. e4 c5 2. Nf3 Nc6 3. Nc3 g6 4. g3 Bg7 5. Bg2 e5 6. 0-0 Nge7 7. d3 0-0 8. Be3 d6 9. Qd2 a6 10. Ne2 f5 11. c3 Bd7 12. Rad1 Rc8 13. d4 fxe4 14. Ng5 cxd4 15. cxd4 d5 16. dxe5 Nxe5 17. Nf4 Nc4 18. Qe1 Nxb2 19. Nfe6 Bxe6 20. Nxe6 Qd6 21. Nxf8 Nxd1 22. Qxd1 Rxf8 23. Bxe4 Rd8 24. Qb3 Kh8 1/2-1/2

[Event "POL-chT 2nd League"]
[Site "Poronin"]
[Date "2020.09.07"]
[Round "3.6"]
[White "Kempinski, Tomasz"]
[Black "Krzywda, Andrzej"]
[Result "0-1"]
[WhiteElo "2162"]
[BlackElo "2122"]
[PlyCount "59"]
[EventDate "2020.09.05"]
[EventType "team-swiss"]
[EventRounds "9"]
[EventCountry "POL"]
[SourceTitle "CBM 198 Extra"]
[Source "ChessBase"]
[SourceDate "2020.11.30"]
[SourceVersion "1"]
[SourceVersionDate "2020.11.30"]
[SourceQuality "1"]
[WhiteTeam "Zakrzewo Korona"]
[BlackTeam "Chroscice Victoria"]
[WhiteTeamCountry "POL"]
[BlackTeamCountry "POL"]

1. e4 c5 2. Nf3 e6 3. d4 cxd4 4. Nxd4 d6 5. c4 Nf6 6. Nc3 a6 7. Be2 b6 8. 0-0 Bb7 9. f3 Be7 10. Be3 Nbd7 11. Qd2 0-0 12. Rfd1 Qc7 13. Rac1 Rac8 14. Bf1 Rfe8 15. Qf2 Qb8 16. Kh1 Bd8 17. b3 Bc7 18. g4 h6 19. Qg1 d5 20. exd5 exd5 21. g5 hxg5 22. Bxg5 dxc4 23. Bxc4 Bf4 24. Qg2 Bxg5 25. Qxg5 Rc5 26. Qg2 Ree5 27. Rg1 Rg5 28. Qd2 Qe5 29. Rge1 Qxd4 30. Rg1 0-1

[Event "POL-chT 2nd League"]
[Site "Poronin"]
[Date "2020.09.06"]
[Round "2.3"]
[White "Piotrowski, Przemyslaw"]
[Black "Kempinski, Tomasz"]
[Result "1-0"]
[WhiteElo "2274"]
[BlackElo "2162"]
[PlyCount "95"]
[EventDate "2020.09.05"]
[EventType "team-swiss"]
[EventRounds "9"]
[EventCountry "POL"]
[SourceTitle "CBM 198 Extra"]
[Source "ChessBase"]
[SourceDate "2020.11.30"]
[SourceVersion "1"]
[SourceVersionDate "2020.11.30"]
[SourceQuality "1"]
[WhiteTeam "Wroclaw Polonia"]
[BlackTeam "Zakrzewo Korona"]
[WhiteTeamCountry "POL"]
[BlackTeamCountry "POL"]

1. Nf3 c5 2. c4 Nf6 3. g3 d5 4. Bg2 Nc6 5. 0-0 d4 6. e3 Bg4 7. h3 Bh5 8. Qa4 Nd7 9. d3 e6 10. e4 Bd6 11. a3 0-0 12. g4 Bg6 13. Bg5 Qc7 14. Qd1 h6 15. Bc1 f5 16. Nh4 Bh7 17. exf5 exf5 18. g5 g6 19. gxh6 Bf4 20. Bd5+ Kh8 21. Nf3 Nf6 22. Bxc6 bxc6 23. Ng5 Rae8 24. Qf3 Nh5 25. Bxf4 Qxf4 26. Qxf4 Nxf4 27. Rd1 Re2 28. Kh2 Rxb2 29. Kg3 Ne2+ 30. Kf3 Re8 31. Rd2 Rb3 32. Rd1 Rb2 33. Nd2 Nc3 34. Re1 Reb8 35. Re7 Bg8 36. Nf1 R8b3 37. h7 Ne4 38. hxg8Q+ Kxg8 39. Nxe4 fxe4+ 40. Rxe4 Rxd3+ 41. Kg2 Rc3 42. Rae1 Rcc2 43. Rf4 Rxc4 44. Re8+ Kg7 45. Re7+ Kh6 46. Ne3 Rc1 47. Ng4+ Kg5 48. Rf8 1-0

[Event "POL-chT 2nd League"]
[Site "Jastrzebia Gora"]
[Date "2019.09.12"]
[Round "6.16"]
[White "Ochedzan, Tymon"]
[Black "Kempinski, Tomasz"]
[Result "1-0"]
[WhiteElo "2052"]
[BlackElo "2210"]
[PlyCount "105"]
[EventDate "2019.09.07"]
[EventType "team-swiss"]
[EventRounds "9"]
[EventCountry "POL"]
[SourceTitle "EXT 2020"]
[Source "ChessBase"]
[SourceDate "2019.10.17"]
[SourceVersion "1"]
[SourceVersionDate "2019.10.17"]
[SourceQuality "1"]
[WhiteTeam "Kalisz KTS"]
[BlackTeam "Zakrzewo Korona"]
[WhiteTeamCountry "POL"]
[BlackTeamCountry "POL"]

1. e4 d5 2. exd5 Nf6 3. Bb5+ Bd7 4. Be2 Nxd5 5. d4 g6 6. Nf3 Bg7 7. 0-0 0-0 8. c4 Nb6 9. h3 c5 10. d5 Na4 11. Qc2 a6 12. Na3 Qb6 13. Rb1 h6 14. Be3 Qf6 15. Nd2 Rc8 16. Ne4 Qh4 17. g3 Qxh3 18. b3 f5 19. bxa4 fxe4 20. Rxb7 Bf5 21. Rfb1 Nd7 22. Qd1 Ne5 23. Qf1 Qxf1+ 24. Kxf1 Bf6 25. R1b6 Nf3 26. Bxf3 exf3 27. Kg1 h5 28. Nb1 g5 29. Nd2 g4 30. d6 exd6 31. Rxd6 Bg7 32. Rd5 Bg6 33. Rg5 Rc6 34. Rxc5 Rxc5 35. Bxc5 Rd8 36. Rb6 Bc2 37. Bd6 Bc3 38. Nb3 Kf7 39. Rb7+ Ke6 40. c5 Kd5 41. Re7 Bb1 42. Nc1 Bf6 43. Rb7 Bc2 44. Bf4 Bxa4 45. Rb4 Bb5 46. Be3 Kc6 47. a4 Rd1+ 48. Kh2 Bf1 49. Rb6+ Kc7 50. Bf4+ Kc8 51. c6 Kd8 52. c7+ Kd7 53. Rc6 1-0

[Event "POL-chT 2nd League"]
[Site "Jastrzebia Gora"]
[Date "2019.09.07"]
[Round "1.18"]
[White "Kempinski, Tomasz"]
[Black "Sowul, Bartosz"]
[Result "1-0"]
[WhiteElo "2210"]
[BlackElo "2221"]
[PlyCount "93"]
[EventDate "2019.09.07"]
[EventType "team-swiss"]
[EventRounds "9"]
[EventCountry "POL"]
[SourceTitle "EXT 2020"]
[Source "ChessBase"]
[SourceDate "2019.10.17"]
[SourceVersion "1"]
[SourceVersionDate "2019.10.17"]
[SourceQuality "1"]
[WhiteTeam "Zakrzewo Korona"]
[BlackTeam "Warszawa Mogalo"]
[WhiteTeamCountry "POL"]
[BlackTeamCountry "POL"]

1. e4 c5 2. Nf3 g6 3. d4 cxd4 4. Nxd4 Nc6 5. Nc3 Bg7 6. Be3 Nf6 7. Nb3 0-0 8. Be2 d6 9. 0-0 Be6 10. f4 Qc8 11. h3 Rd8 12. Bf3 Bc4 13. Rf2 e5 14. Nd2 Be6 15. f5 gxf5 16. exf5 d5 17. Bg5 e4 18. fxe6 Qxe6 19. Bg4 Nxg4 20. Qxg4 Qxg4 21. hxg4 f6 22. Rxf6 Bxf6 23. Bxf6 Rd6 24. g5 Re8 25. Nb5 Rd7 26. Nb3 b6 27. N3d4 Ne5 28. Nf5 Ng4 29. Bd4 Re6 30. Ne3 Nxe3 31. Bxe3 Rf7 32. Nd4 Re8 33. Rd1 Rc8 34. c3 Re8 35. g4 Kf8 36. Kg2 Ke7 37. Rh1 Ref8 38. Nf5+ Kd7 39. Rh6 Kd8 40. Kg3 Rd7 41. Kf4 Re8 42. Rf6 Rg8 43. Nd4 Ke8 44. Kf5 Rf7 45. Ke6 Rg6 46. Nf5 Rd7 47. Ke5 1-0

[Event "POL-chT3 Wielkopolskie 1415"]
[Site "Poland"]
[Date "2015.01.18"]
[Round "5.1"]
[White "Kempinski, Tomasz"]
[Black "Kozlowski, Tomasz"]
[Result "1-0"]
[WhiteElo "2196"]
[BlackElo "1933"]
[PlyCount "49"]
[EventDate "2014.11.30"]
[EventType "team-tourn"]
[EventRounds "11"]
[EventCountry "POL"]
[SourceTitle "EXT 2019"]
[Source "ChessBase"]
[SourceDate "2018.10.10"]
[SourceVersion "1"]
[SourceVersionDate "2018.10.10"]
[SourceQuality "1"]

1. e4 c6 2. d4 d5 3. exd5 cxd5 4. c4 Nf6 5. Nc3 Nc6 6. Bg5 dxc4 7. d5 Na5 8. Nf3 Qb6 9. Be2 e6 10. Bxf6 gxf6 11. 0-0 Bd7 12. dxe6 fxe6 13. Ne4 0-0-0 14. Qc2 e5 15. Rfd1 f5 16. Nxe5 fxe4 17. Nxd7 Qe6 18. Qc3 Bb4 19. Qxb4 Nc6 20. Qxc4 Qf5 21. Nc5 Rde8 22. Qb5 Re7 23. Nxb7 Qf4 24. Qxc6+ Kb8 25. Qd6+ 1-0

[Event "Krakow op-A 25th"]
[Site "Krakow"]
[Date "2014.12.30"]
[Round "5"]
[White "Boricsev, Oleg"]
[Black "Kempinski, Tomasz"]
[Result "0-1"]
[WhiteElo "2365"]
[BlackElo "2196"]
[PlyCount "60"]
[EventDate "2014.12.27"]
[EventType "swiss"]
[EventRounds "9"]
[EventCountry "POL"]
[SourceTitle "CBM 164 Extra"]
[Source "ChessBase"]
[SourceDate "2015.03.02"]
[SourceVersion "1"]
[SourceVersionDate "2015.03.02"]
[SourceQuality "1"]

1. e4 c5 2. Nf3 e6 3. c3 d5 4. exd5 exd5 5. d4 Nc6 6. Bb5 a6 7. Bxc6+ bxc6 8. 0-0 Bd6 9. dxc5 Bxc5 10. Ne5 Qf6 11. Qe2 Ne7 12. Nd2 0-0 13. b4 Bd6 14. Ndf3 Ng6 15. Nxg6 fxg6 16. Nd4 Bd7 17. Be3 Rae8 18. Rae1 Re5 19. Qd2 Qh4 20. f4 Re4 21. g3 Qh3 22. Nf3 h6 23. Bc5 Bxc5+ 24. bxc5 Bf5 25. Ne5 Rf6 26. Nf3 Rxe1 27. Rxe1 Be4 28. Ne5 h5 29. Nxc6 Rxc6 30. c4 Qf5 0-1

[Event "Barcelona Sants op 16th"]
[Site "Barcelona"]
[Date "2014.08.28"]
[Round "7"]
[White "Orteu Capdevila, Max"]
[Black "Kempinski, Tomasz"]
[Result "1-0"]
[WhiteElo "1998"]
[BlackElo "2202"]
[PlyCount "164"]
[EventDate "2014.08.22"]
[EventType "swiss"]
[EventRounds "10"]
[EventCountry "ESP"]
[SourceTitle "CBM 162 Extra"]
[Source "ChessBase"]
[SourceDate "2014.10.17"]
[SourceVersion "1"]
[SourceVersionDate "2014.10.17"]
[SourceQuality "1"]

1. c4 e5 2. g3 g6 3. Bg2 Bg7 4. Nc3 d6 5. e3 Nc6 6. Nge2 Nge7 7. d3 0-0 8. Rb1 Be6 9. Nd5 Qd7 10. h3 Nd8 11. Nxe7+ Qxe7 12. 0-0 Qd7 13. Kh2 d5 14. b3 Nc6 15. Ba3 Rfd8 16. Nc3 d4 17. Ne4 dxe3 18. Nc5 Qc8 19. fxe3 Rb8 20. Nxe6 Qxe6 21. Bd5 Rxd5 22. cxd5 Qxd5 23. Qf3 Qxf3 24. Rxf3 Rd8 25. Rbf1 f6 26. e4 Kf7 27. Bb2 Ke6 28. g4 g5 29. Kg2 Ne7 30. Kf2 Ng6 31. Bc1 Nh4 32. Rg3 Bf8 33. Ke2 Bc5 34. Bd2 Bd4 35. Rc1 c6 36. Be3 Bxe3 37. Kxe3 Ng6 38. Kd2 Nf4 39. Rh1 Ng6 40. Rgg1 c5 41. Rc1 b6 42. a3 Rd4 43. Rc4 Rd7 44. Rc3 a5 45. Rhc1 Nf4 46. Rh1 h5 47. gxh5 Rh7 48. b4 axb4 49. axb4 Rxh5 50. bxc5 bxc5 51. Rxc5 g4 52. Rc6+ Ke7 53. Rc7+ Kd8 54. Rg7 Ne6 55. Rxg4 Ke7 56. Ke3 Nd4 57. h4 Nc2+ 58. Kf3 Nd4+ 59. Kg3 Ne2+ 60. Kh3 Rh8 61. Re1 Nf4+ 62. Rxf4 exf4 63. Kg4 Ke6 64. d4 Rd8 65. Kxf4 Rxd4 66. Rg1 Rd2 67. Rh1 Rf2+ 68. Ke3 Ra2 69. h5 Kf7 70. h6 Kg8 71. h7+ Kh8 72. Kf4 Ra5 73. Rh6 Rb5 74. Rxf6 Kxh7 75. Rf5 Rb4 76. Rg5 Kh6 77. Rg8 Kh7 78. Rg3 Rb1 79. e5 Rf1+ 80. Ke4 Re1+ 81. Kf5 Rf1+ 82. Ke6 Re1 1-0

[Event "Barcelona Sants op 16th"]
[Site "Barcelona"]
[Date "2014.08.23"]
[Round "2"]
[White "Narciso Dublan, Marc"]
[Black "Kempinski, Tomasz"]
[Result "1-0"]
[WhiteElo "2515"]
[BlackElo "2202"]
[PlyCount "55"]
[EventDate "2014.08.22"]
[EventType "swiss"]
[EventRounds "10"]
[EventCountry "ESP"]
[SourceTitle "CBM 162 Extra"]
[Source "ChessBase"]
[SourceDate "2014.10.17"]
[SourceVersion "1"]
[SourceVersionDate "2014.10.17"]
[SourceQuality "1"]

1. d4 d5 2. c4 c6 3. Nf3 Nf6 4. e3 e6 5. b3 Bb4+ 6. Nbd2 Ne4 7. a3 Bc3 8. Ra2 c5 9. dxc5 0-0 10. Qc2 Na6 11. cxd5 exd5 12. Bxa6 bxa6 13. 0-0 Qf6 14. Nxe4 dxe4 15. Nd2 Bxd2 16. Bxd2 Qg6 17. f4 Rd8 18. c6 Rd3 19. Rc1 Bh3 20. Ba5 Rxe3 21. c7 Rc8 22. Qc6 Qg4 23. Be1 h5 24. Bg3 h4 25. gxh3 Qxh3 26. Be1 Rf3 27. Rg2 Rxf4 28. Qc3 1-0

[Event "Krakow Malopolski-chA"]
[Site "Krakow"]
[Date "2014.05.03"]
[Round "7"]
[White "Betkowski, Andrzej"]
[Black "Kempinski, Tomasz"]
[Result "1-0"]
[WhiteElo "2053"]
[BlackElo "2228"]
[PlyCount "97"]
[EventDate "2014.04.27"]
[EventType "swiss"]
[EventRounds "9"]
[EventCountry "POL"]
[SourceTitle "CBM 160 Extra"]
[Source "ChessBase"]
[SourceDate "2014.07.01"]
[SourceVersion "1"]
[SourceVersionDate "2014.07.01"]
[SourceQuality "1"]

1. d4 Nf6 2. Bg5 g6 3. Nc3 Bg7 4. e4 d6 5. Qd2 h6 6. Bf4 Nh5 7. Be3 e5 8. dxe5 dxe5 9. Qxd8+ Kxd8 10. 0-0-0+ Nd7 11. Bc4 f5 12. Bf7 f4 13. Bxg6 Nhf6 14. Bc5 b6 15. Ba3 Bf8 16. Nf3 Bxa3 17. bxa3 Ke7 18. Bf5 Bb7 19. Rd2 Rhg8 20. Nh4 Bc6 21. Rhd1 Rae8 22. g3 fxg3 23. hxg3 Nc5 24. Bg6 Nfxe4 25. Nxe4 Nxe4 26. Bxe8 Rxe8 27. Re2 Kf6 28. Re3 Kg5 29. Rde1 Nxf2 30. Rxe5+ Rxe5 31. Rxe5+ Kg4 32. Re6 Be4 33. Rxh6 Kxg3 34. Rh8 Nh3 35. Kd2 Ng5 36. Rh6 c5 37. c3 Kg4 38. Ng6 Bb1 39. Ne5+ Kf5 40. Nc6 Ne4+ 41. Kc1 Bxa2 42. Nxa7 Bc4 43. Nc8 Nxc3 44. Nxb6 Bf7 45. a4 Ke5 46. a5 Nb5 47. a6 Kd4 48. Rh7 Bg6 49. a7 1-0

[Event "Poznan op 21st"]
[Site "Poznan"]
[Date "2013.08.14"]
[Round "9"]
[White "Plichta, Kamil"]
[Black "Kempinski, Tomasz"]
[Result "1/2-1/2"]
[WhiteElo "2199"]
[BlackElo "2174"]
[PlyCount "109"]
[EventDate "2013.08.07"]
[EventType "swiss"]
[EventRounds "9"]
[EventCountry "POL"]
[SourceTitle "CBM 155 Extra"]
[Source "ChessBase"]
[SourceDate "2013.08.26"]
[SourceVersion "1"]
[SourceVersionDate "2013.08.26"]
[SourceQuality "1"]

1. d4 d5 2. c4 e6 3. Nc3 Nf6 4. cxd5 exd5 5. Bg5 Be7 6. e3 c6 7. Bd3 0-0 8. Qc2 Nbd7 9. Nge2 h6 10. Bh4 Re8 11. 0-0 Nh5 12. Bxe7 Qxe7 13. Rab1 Nf8 14. b4 Bg4 15. b5 Bxe2 16. Bxe2 Nf6 17. bxc6 bxc6 18. Na4 Rac8 19. Nc5 g6 20. Bd3 Qd6 21. h3 N6d7 22. Rb7 Rc7 23. Rxc7 Qxc7 24. Nxd7 Qxd7 25. Rc1 Re6 26. Rb1 Qc7 27. Rb5 Rd6 28. Rc5 Ne6 29. Rc3 Kg7 30. h4 h5 31. Bb5 Nd8 32. Be2 Qe7 33. g3 Qf6 34. Kg2 Ne6 35. Rb3 g5 36. hxg5 Qxg5 37. f4 Qf6 38. Bxh5 c5 39. dxc5 Rc6 40. Qb2 Nxc5 41. Qxf6+ Kxf6 42. Rc3 Ke6 43. Rc2 f5 44. g4 fxg4 45. Bxg4+ Kd6 46. Bf3 Nd3 47. Rxc6+ Kxc6 48. Kg3 Kd6 49. Kg4 Nb4 50. Kg5 Nxa2 51. f5 Nb4 52. f6 Nc6 53. Kf5 Ne5 54. Bh5 a5 55. f7 1/2-1/2

[Event "Poznan op 21st"]
[Site "Poznan"]
[Date "2013.08.13"]
[Round "8"]
[White "Kempinski, Tomasz"]
[Black "Weglarz, Leszek"]
[Result "1-0"]
[WhiteElo "2174"]
[BlackElo "2213"]
[PlyCount "79"]
[EventDate "2013.08.07"]
[EventType "swiss"]
[EventRounds "9"]
[EventCountry "POL"]
[SourceTitle "CBM 155 Extra"]
[Source "ChessBase"]
[SourceDate "2013.08.26"]
[SourceVersion "1"]
[SourceVersionDate "2013.08.26"]
[SourceQuality "1"]

1. e4 e5 2. Nf3 Nf6 3. Nxe5 d6 4. Nf3 Nxe4 5. d4 Be7 6. Bd3 Nf6 7. h3 b6 8. 0-0 0-0 9. Re1 Bb7 10. c4 Re8 11. Nc3 Bf8 12. Rxe8 Qxe8 13. Bg5 Qd8 14. d5 h6 15. Bh4 Be7 16. Qe2 Nbd7 17. Re1 Kf8 18. Nb5 a6 19. Nbd4 Ng8 20. Bg3 Bf6 21. b4 Ne7 22. Bf4 b5 23. cxb5 Nxd5 24. Bd2 axb5 25. Bxb5 Ne7 26. Bc4 Ne5 27. Bb3 Nxf3+ 28. Nxf3 Bd5 29. Bxd5 Nxd5 30. g4 Rxa2 31. Qc4 Qa8 32. h4 Ra3 33. Nd4 Nb6 34. Qxc7 Qd8 35. Qxd8+ Bxd8 36. Nf5 Nc4 37. Bf4 Ne5 38. Kg2 Bc7 39. Rc1 Nd3 40. Bxd6+ 1-0

[Event "Poznan op 21st"]
[Site "Poznan"]
[Date "2013.08.11"]
[Round "6"]
[White "Kempinski, Tomasz"]
[Black "Schmidt, Wlodzimierz"]
[Result "1-0"]
[WhiteElo "2174"]
[BlackElo "2375"]
[PlyCount "81"]
[EventDate "2013.08.07"]
[EventType "swiss"]
[EventRounds "9"]
[EventCountry "POL"]
[SourceTitle "CBM 155 Extra"]
[Source "ChessBase"]
[SourceDate "2013.08.26"]
[SourceVersion "1"]
[SourceVersionDate "2013.08.26"]
[SourceQuality "1"]

1. e4 c5 2. Nf3 e6 3. c4 Nc6 4. Nc3 Nf6 5. h3 Qc7 6. g3 a6 7. Bg2 d6 8. 0-0 Rb8 9. a4 Nd4 10. d3 Nxf3+ 11. Qxf3 Nd7 12. Qe2 Ne5 13. f4 Nc6 14. Be3 Be7 15. Rae1 Nd4 16. Qf2 Bf6 17. e5 Be7 18. Bxd4 cxd4 19. Qxd4 d5 20. Qf2 dxc4 21. d4 b5 22. axb5 axb5 23. Kh2 b4 24. Ne4 0-0 25. g4 f6 26. Qg3 f5 27. gxf5 Rxf5 28. Rg1 g6 29. Qg4 Rh5 30. Ng5 Bxg5 31. fxg5 Qe7 32. Bf3 Bb7 33. Ref1 c3 34. bxc3 bxc3 35. Rb1 Kg7 36. Rxb7 Rxb7 37. Bxb7 Qxb7 38. Qxe6 c2 39. Qf6+ Kg8 40. Qd8+ Kg7 41. Rf1 1-0